Suomen läänien vaakunat 1997 - Statistics

Yleistilastot
  • Tätä visaa on pelattu 22 kertaa
  • Keskiarvotulos 10 / 12
Vastaustilastot
Kuvavisa Vastaus % Oikein
Ahvenanmaa
89%
Oulu
89%
Turku ja Pori
89%
Kuopio
83%
Lappi
83%
Uusimaa
83%
Vaasa
83%
Häme
78%
Keski-Suomi
78%
Mikkeli
78%
Pohjois-Karjala
67%
Kymi
56%
Ehtoja vastaavia visoja ei löytynyt
Tulosjakauma
Jokaisen tuloksen saaneiden osuus
Persentiili vastausten määrän mukaan
Tuloshistoriasi
Et ole pelannut tätä visaa